000
00377nam a2200145Ia 4500
008
191206s9999 xx 000 0 und d
020
_a
071312413X
245
0
_a
biologist's physical chemistry
250
_a
2nd ed.
260
_a
Edward Arnold
260
_b
Contemporary biology
260
_c
c1974
300
_a
"xv, 390 p. illus. 23 cm."
999
_c
15553
_d
15553